La reforma universitaria impulsada vía el financiamiento: alcances y limitaciones de las políticas de asignación . = University reforms proposed through financing: the successses and limitations of founding assignment policies /

שמור ב:
מידע ביבליוגרפי
מחבר ראשי: García de Fanelli, Ana
פורמט: Texto
נושאים:
תגים: הוספת תג
אין תגיות, היה/י הראשונ/ה לתייג את הרשומה!

MARC

LEADER 00000 a a2200000 04500
001 7341
003
040
100 |a García de Fanelli, Ana  
245 |a La reforma universitaria impulsada vía el financiamiento: alcances y limitaciones de las políticas de asignación . =   |b University reforms proposed through financing: the successses and limitations of founding assignment policies /  |c Ana García de Fanelli 
650 |a ENSEÑANZA SUPERIOR  
650 |a FINANCIAMIENTO DE LA EDUCACION  
650 |a AMERICA LATINA  
773 |g volumen 16, número 1; páginas 7-30  
999 |c 23117  |d 23117